| Tag |
First Indicator |
Second Indicator |
Subfields |
| LEADER |
00000cam a2200000 a 4500 |
| 001 |
in00000099159 |
| 005 |
20150924155952.0 |
| 008 |
810608s1976 enka b 00010 engm |
| 010 |
|
|
|a 81459290
|
| 015 |
|
|
|a GB***
|
| 020 |
|
|
|a 0851983820
|
| 035 |
|
|
|a (OCoLC)07573301
|
| 035 |
|
|
|9 AAL0033AM
|
| 040 |
|
|
|a DLC
|c DLC
|d m.c.
|d TXA
|d UtOrBLW
|
| 049 |
|
|
|a TXAM
|c [1633604]
|
| 050 |
0 |
0 |
|a RC119.7
|b W54
|
| 082 |
0 |
|
|a 616.9/62
|2 19
|
| 100 |
1 |
|
|a Williams, H. Harford
|q (Henry Harford)
|
| 245 |
1 |
0 |
|a Marine helminths and human health /
|c H. Harford Williams and Arlene Jones.
|
| 264 |
|
1 |
|a Farnham Royal, Bucks :
|b Commonweatlh Agricultural Bureaux,
|c 1976.
|
| 300 |
|
|
|a 47 pages :
|b illustrations ;
|c 25 cm.
|
| 336 |
|
|
|a text
|b txt
|2 rdacontent
|
| 337 |
|
|
|a unmediated
|b n
|2 rdamedia
|
| 338 |
|
|
|a volume
|b nc
|2 rdacarrier
|
| 490 |
1 |
|
|a CIH miscellaneous publication ;
|v no. 3
|
| 504 |
|
|
|a Bibliography: pages 37-47.
|
| 650 |
|
0 |
|a Medical helminthology.
|
| 650 |
|
0 |
|a Health.
|
| 650 |
|
0 |
|a Fish as carriers of disease.
|
| 700 |
1 |
|
|a Jones, Arlene.
|
| 830 |
|
0 |
|a CIH miscellaneous publication ;
|v no. 3.
|
| 999 |
|
|
|a MARS
|
| 999 |
f |
f |
|s e115f30c-4e25-313b-a2a5-adb5cd5344cf
|i 0362b859-6c62-3e76-bf37-e5b555553d9a
|t 0
|
| 952 |
f |
f |
|p ric
|a Texas A&M University
|b Rellis Campus
|c Joint Library Facility
|d Remote Storage
|t 0
|e RC119.7 W54
|h Library of Congress classification
|i unmediated -- volume
|m A14806295228
|
| 998 |
f |
f |
|a RC119.7 W54
|t 0
|l Remote Storage
|